[Event "3rd EUR-ch (w)"]
[Site "Varna BUL"]
[Date "2002.06.06"]
[Round "10.53"]
[White "Lauterbach, Ingrid"]
[Black "Ingolfsdottir, Harpa"]
[Result "1-0"]
[WhiteElo "2127"]
[BlackElo "2002"]
[EventDate "2002.05.27"]
[PlyCount "91"]

1.e4 e6 2.d3 d5 3.Nd2 Nf6 4.g3 c5 5.Bg2 Nc6 6.Ngf3 Be7 7.O-O O-O 8.Re1 b6 
9.e5 Ne8 10.c3 f6 11.exf6 Bxf6 12.c4 Qc7 13.Nf1 d4 14.Bf4 Qd7 15.N1d2 Bb7 
16.Ne4 h6 17.h4 Be7 18.Qe2 Nb4 19.Ne5 Qc8 20.a3 Na6 21.Ng6 Rf7 22.Qg4 Nac7
23.Bxh6 Bxe4 24.Nxe7+ Rxe7 25.Rxe4 Nf6 26.Qg5 Nxe4 27.Qxe7 Qf8 28.Qxg7+ 
Qxg7 29.Bxg7 Kxg7 30.Bxe4 Rf8 31.Kg2 Ne8 32.f4 Nd6 33.Re1 Kf6 34.g4 Rb8 
35.g5+ Kg7 36.a4 a6 37.h5 b5 38.h6+ Kh8 39.axb5 axb5 40.b3 bxc4 41.bxc4 
Rb2+ 42.Kg3 Rb3 43.Bg6 Nf5+ 44.Bxf5 exf5 45.g6 Rxd3+ 46.Kh4 1-0

[Event "3rd EUR-ch (w)"]
[Site "Varna BUL"]
[Date "2002.06.07"]
[Round "11.2"]
[White "Kovalevskaya, Ekaterina"]
[Black "Mkrtchian, Lilit"]
[Result "0-1"]
[WhiteElo "2482"]
[BlackElo "2391"]
[EventDate "2002.05.27"]
[PlyCount "74"]

1.e4 e6 2.Qe2 c5 3.g3 Nc6 4.Nf3 Nf6 5.e5 Nd5 6.c4 Ndb4 7.Qd1 Nd4 8.Nxd4 
cxd4 9.a3 Qa5 10.axb4 Qxa1 11.Na3 Bxb4 12.Bd3 Bxa3 13.bxa3 b5 14.O-O bxc4 
15.Bxc4 Rb8 16.d3 Rb1 17.Qc2 O-O 18.Ba2 Rb6 19.Bc4 Qc3 20.Qxc3 dxc3 21.Be3
Rb2 22.Bd4 Rc2 23.Bxa7 Bb7 24.Bd4 Ra8 25.a4 h5 26.Be3 Bc6 27.Bb5 Bxb5 28.
axb5 Rb2 29.Rc1 c2 30.Kf1 Rb1 31.Ke2 Rxc1 32.Bxc1 Rb8 33.d4 Rxb5 34.Kd3 
Rb4 35.Kc3 Ra4 36.Bb2 Ra1 37.Kxc2 Rf1 0-1

[Event "3rd EUR-ch (w)"]
[Site "Varna BUL"]
[Date "2002.06.07"]
[Round "11.3"]
[White "Galliamova, Alisa"]
[Black "Prudnikova, Svetlana"]
[Result "1-0"]
[WhiteElo "2500"]
[BlackElo "2422"]
[EventDate "2002.05.27"]
[PlyCount "101"]

1.e4 e5 2.Nf3 Nc6 3.Bb5 Nf6 4.Qe2 d6 5.d4 Bd7 6.c3 Be7 7.O-O O-O 8.Rd1 
exd4 9.cxd4 d5 10.e5 Ne4 11.Nbd2 f5 12.exf6 Nxf6 13.h3 Bd6 14.Nf1 Re8 15.
Be3 a6 16.Bd3 Nb4 17.Bb1 Bb5 18.Qe1 a5 19.a3 Nc6 20.Qc3 a4 21.Bg5 h6 22.
Bxf6 Qxf6 23.Ne3 Be2 24.Nxd5 Qf7 25.Ba2 Kh8 26.Nh4 Bxd1 27.Rxd1 g5 28.Nf3 
Rad8 29.Qc2 Ne7 30.Nc3 Qg7 31.Bb1 Rf8 32.Nxa4 Nf5 33.Nc5 Rde8 34.Nxb7 g4 
35.hxg4 Qxg4 36.Nxd6 cxd6 37.Nh2 Qg7 38.d5 Re5 39.Qc3 Rg8 40.g3 Ne3 41.Rd4
Nxd5 42.Qd2 Nf6 43.Rxd6 Rge8 44.Nf3 Re2 45.Qd4 Ng4 46.Qxg7+ Kxg7 47.Rg6+ 
Kf8 48.Rxg4 Rxb2 49.Bg6 Ree2 50.Rf4+ Kg7 51.Nh4 1-0

[Event "3rd EUR-ch (w)"]
[Site "Varna BUL"]
[Date "2002.06.07"]
[Round "11.4"]
[White "Arakhamia-Grant, Ketevan"]
[Black "Peng Zhaoqin"]
[Result "0-1"]
[WhiteElo "2425"]
[BlackElo "2472"]
[EventDate "2002.05.27"]
[PlyCount "138"]

1.e4 e6 2.d4 d5 3.Nc3 Nf6 4.Bg5 Bb4 5.e5 h6 6.Bd2 Bxc3 7.bxc3 Ne4 8.Qg4 g6
9.Bd3 Nxd2 10.Kxd2 c5 11.Nf3 Nc6 12.h4 Qa5 13.Qf4 cxd4 14.Nxd4 Nxd4 15.
Qxd4 Bd7 16.Rhb1 b6 17.a4 Rc8 18.Rb3 g5 19.h5 Rg8 20.g4 Rc5 21.Kc1 Ke7 22.
Raa3 Rgc8 23.Rb4 R5c7 24.f4 Qc5 25.fxg5 hxg5 26.Kb2 Rf8 27.h6 Qxd4 28.cxd4
f5 29.exf6+ Rxf6 30.h7 Rh6 31.a5 b5 32.a6 Rc4 33.Bxc4 dxc4 34.Re3 Kf6 35.
Re5 Rxh7 36.Rc5 Be8 37.Rc8 Re7 38.Kc3 e5 39.d5 e4 40.Kd4 e3 41.Rb1 e2 42.
Re1 Bd7 43.Rb8 Bxg4 44.Rxb5 Bf3 45.Kxc4 g4 46.Kd3 Ke5 47.Rb7 Re8 48.c4 Kf4
49.Rxa7 Kg3 50.Rb7 Kf2 51.Rbb1 Be4+ 52.Kd2 Bxb1 53.a7 Ba2 54.a8=Q Rxa8 55.
Rxe2+ Kf3 56.Re3+ Kf4 57.Rc3 g3 58.Ke2 Re8+ 59.Kf1 Re4 60.Kg2 Re2+ 61.Kg1 
Rd2 62.Rc1 Rd4 63.c5 Bxd5 64.c6 Rc4 65.Rxc4+ Bxc4 66.c7 Ba6 67.Kg2 Kg4 68.
Kg1 Kh3 69.Kh1 Bc8 0-1

[Event "3rd EUR-ch (w)"]
[Site "Varna BUL"]
[Date "2002.06.07"]
[Round "11.6"]
[White "Khurtsidze, Nino"]
[Black "Sedina, Elena"]
[Result "1/2-1/2"]
[WhiteElo "2446"]
[BlackElo "2407"]
[EventDate "2002.05.27"]
[PlyCount "107"]

1.d4 d5 2.c4 c6 3.e3 Nf6 4.Nf3 Bf5 5.Nc3 e6 6.Nh4 Bg6 7.Qb3 Qc7 8.Nxg6 
hxg6 9.Bd2 Nbd7 10.g3 Be7 11.Bg2 Nb6 12.cxd5 exd5 13.Rd1 O-O 14.O-O Rfe8 
15.Rfe1 Rad8 16.Qc2 Nc4 17.Bc1 Bf8 18.b3 Na3 19.Qd3 Bb4 20.Re2 a6 21.Bb2 
Nb5 22.Na4 Ba3 23.Ba1 Qe7 24.Qc2 g5 25.Nc5 g4 26.Nd3 Ne4 27.Ne5 Qe6 28.
Ree1 Bb4 29.Rf1 f6 30.Nd3 Bd6 31.a4 Nc7 32.b4 Qf5 33.Rc1 Qh5 34.f3 gxf3 
35.Bxf3 Qh6 36.Rce1 Ng5 37.Bg2 Qh7 38.Qb1 Nh3+ 39.Kh1 Ng5 40.Nc5 Qxb1 41.
Rxb1 b6 42.Nb7 Rd7 43.Nxd6 Rxd6 44.Rb3 Ne4 45.Re1 f5 46.Bb2 Nd2 47.Rc3 
Rde6 48.Bc1 Nc4 49.Kg1 g6 50.Kf2 b5 51.a5 R8e7 52.Ke2 Ne8 53.Kf3 Nf6 54.h3
1/2-1/2

[Event "3rd EUR-ch (w)"]
[Site "Varna BUL"]
[Date "2002.06.07"]
[Round "11.7"]
[White "Gaponenko, Inna"]
[Black "Maric, Alisa"]
[Result "1/2-1/2"]
[WhiteElo "2418"]
[BlackElo "2455"]
[EventDate "2002.05.27"]
[PlyCount "67"]

1.e4 c6 2.d4 d5 3.exd5 cxd5 4.c4 Nf6 5.Nc3 e6 6.Nf3 Bb4 7.cxd5 Nxd5 8.Qc2 
Nc6 9.a3 Be7 10.Bd3 h6 11.O-O O-O 12.Qe2 Bd7 13.Re1 Rc8 14.Nxd5 exd5 15.
Bb1 h5 16.Ne5 g6 17.Bxg6 fxg6 18.Nxc6 Rxc6 19.Qxe7 Qxe7 20.Rxe7 Re8 21.
Rxe8+ Bxe8 22.Bd2 Rc2 23.Bc3 Bb5 24.Re1 Be2 25.h4 Kf7 26.f3 Kf6 27.Kf2 
Bc4+ 28.Kg3 Re2 29.Rxe2 Bxe2 30.Kf4 Bf1 31.g4 Be2 32.Bb4 Bd1 33.Bf8 Be2 
34.Bd6 1/2-1/2

[Event "3rd EUR-ch (w)"]
[Site "Varna BUL"]
[Date "2002.06.07"]
[Round "11.8"]
[White "Kononenko, Tatiana"]
[Black "Kosintseva, Nadezhda"]
[Result "1-0"]
[WhiteElo "2370"]
[BlackElo "2336"]
[EventDate "2002.05.27"]
[PlyCount "51"]

1.Nf3 g6 2.d4 f5 3.h4 Nf6 4.h5 Nxh5 5.Rxh5 gxh5 6.e4 Bg7 7.Nh4 O-O 8.Nxf5 
e6 9.Nxg7 Kxg7 10.Qxh5 Qf6 11.Be3 Nc6 12.Nc3 Qg6 13.Qh2 d6 14.f4 d5 15.
O-O-O dxe4 16.g4 Qxg4 17.Be2 Qf5 18.Rg1+ Kh8 19.Rg5 Qf7 20.Nxe4 Bd7 21.Rh5
Be8 22.Ng5 Qf6 23.Nxh7 Qe7 24.Nf6+ Bxh5 25.Qxh5+ Kg7 26.Qg5+ 1-0

[Event "3rd EUR-ch (w)"]
[Site "Varna BUL"]
[Date "2002.06.07"]
[Round "11.9"]
[White "Kachiani-Gersinska, Ketino"]
[Black "Zayats, Elena"]
[Result "1/2-1/2"]
[WhiteElo "2465"]
[BlackElo "2346"]
[EventDate "2002.05.27"]
[PlyCount "147"]

1.d4 Nf6 2.c4 e6 3.g3 Bb4+ 4.Bd2 a5 5.Bg2 d5 6.Nf3 dxc4 7.O-O Nc6 8.e3 Rb8
9.Qe2 b5 10.a4 Ba6 11.axb5 Bxb5 12.Nc3 Ba6 13.Rfd1 O-O 14.Ng5 Rb6 15.h4 h6
16.Nge4 Nxe4 17.Bxe4 f5 18.Bg2 Ne7 19.e4 fxe4 20.Qg4 Nf5 21.Bxe4 Qf6 22.
Bg2 Bb7 23.d5 Nd6 24.Be3 Bc8 25.Qe2 Rb8 26.dxe6 Bxe6 27.Nd5 Bxd5 28.Bxd5+ 
Kh8 29.Bd4 Qg6 30.Bxc4 Rbe8 31.Qd3 Qg4 32.Bd5 Nf5 33.Ba7 Nxh4 34.Rac1 Nf3+
35.Bxf3 Rxf3 36.Qd4 Qxd4 37.Rxd4 Re7 38.Rdc4 Bd6 39.R1c3 Rxc3 40.Rxc3 Bb4 
41.Rc6 Re1+ 42.Kg2 Bd6 43.Bd4 Rd1 44.Bc3 a4 45.Rc4 Kg8 46.Rxa4 Rd3 47.Rg4 
Bf8 48.Kf1 Rd7 49.Ke2 Bc5 50.Re4 Kf7 51.f4 g6 52.g4 Re7 53.Kf3 Rd7 54.Re5 
Bd6 55.Ra5 Re7 56.Rb5 Re8 57.f5 gxf5 58.Rxf5+ Kg6 59.Rf6+ Kg5 60.Rf7 Rf8 
61.Bd2+ Kg6 62.Rxf8 Bxf8 63.Ke4 c6 64.b3 Bd6 65.Be3 Bc7 66.Bc1 Bd6 67.Bd2 
Bc7 68.Kd4 Bd6 69.Bc1 h5 70.gxh5+ Kxh5 71.Kc4 Kg6 72.Be3 Kf7 73.Bc5 Ke6 
74.Bxd6 1/2-1/2

[Event "3rd EUR-ch (w)"]
[Site "Varna BUL"]
[Date "2002.06.07"]
[Round "11.10"]
[White "Jackova, Jana"]
[Black "Dworakowska, Joanna"]
[Result "1-0"]
[WhiteElo "2325"]
[BlackElo "2445"]
[EventDate "2002.05.27"]
[PlyCount "71"]

1.e4 c5 2.Nf3 d6 3.d4 cxd4 4.Nxd4 Nf6 5.Nc3 e6 6.Bc4 Be7 7.a3 O-O 8.Ba2 a6
9.O-O b5 10.Qe2 Bb7 11.f4 Qb6 12.Be3 Qc7 13.Qf3 Nbd7 14.f5 e5 15.Nde2 Rac8
16.g4 Nb6 17.g5 Ne8 18.Qh5 Nc4 19.Rf3 d5 20.Bxc4 bxc4 21.Rh3 h6 22.f6 Bc5 
23.Bxc5 Qxc5+ 24.Kh1 Qb6 25.Nxd5 Bxd5 26.exd5 Qxb2 27.Rf1 Qb6 28.Qg4 Qb7 
29.Nc3 Rd8 30.fxg7 Kxg7 31.gxh6+ Kh8 32.Rg1 f6 33.Qg7+ Nxg7 34.hxg7+ Kg8 
35.gxf8=Q+ Kxf8 36.Rh8+ 1-0

[Event "3rd EUR-ch (w)"]
[Site "Varna BUL"]
[Date "2002.06.07"]
[Round "11.11"]
[White "Nepeina-Leconte, Maria"]
[Black "Bojkovic, Natasa"]
[Result "0-1"]
[WhiteElo "2308"]
[BlackElo "2431"]
[EventDate "2002.05.27"]
[PlyCount "76"]

1.e4 c5 2.Nf3 d6 3.d4 cxd4 4.Nxd4 Nf6 5.Nc3 Nc6 6.Bg5 e6 7.Qd2 Be7 8.O-O-O
O-O 9.f4 h6 10.Bh4 Bd7 11.Nf3 Qa5 12.g4 Rfc8 13.Kb1 b5 14.Bxf6 Bxf6 15.e5 
dxe5 16.g5 hxg5 17.fxg5 Be7 18.Qxd7 b4 19.Ne2 Rd8 20.Qxc6 Rxd1+ 21.Nc1 
Rad8 22.g6 Qd5 23.gxf7+ Kxf7 24.Bg2 Rxh1 25.Bxh1 e4 26.Qxd5 Rxd5 27.Nd3 
exd3 28.cxd3 Bf6 29.Kc2 Rd8 30.Bg2 g5 31.Bh3 a5 32.d4 a4 33.Bg4 Rc8+ 34.
Kd2 Rc7 35.h3 Ke7 36.Kd3 a3 37.b3 Rc3+ 38.Ke4 Rc2 0-1

[Event "3rd EUR-ch (w)"]
[Site "Varna BUL"]
[Date "2002.06.07"]
[Round "11.12"]
[White "Vasylevich, Tatiana"]
[Black "Slavina, Irina"]
[Result "1/2-1/2"]
[WhiteElo "2421"]
[BlackElo "2370"]
[EventDate "2002.05.27"]
[PlyCount "134"]

1.d4 Nf6 2.c4 g6 3.Nc3 Bg7 4.e4 d6 5.Nf3 O-O 6.Be2 e5 7.O-O Na6 8.Re1 exd4
9.Nxd4 Nc5 10.f3 a5 11.Be3 Re8 12.Qd2 c6 13.Rad1 Nfd7 14.Bf1 a4 15.Nde2 
Bf8 16.Nf4 Qa5 17.Nce2 Qxd2 18.Rxd2 f5 19.Bxc5 Nxc5 20.exf5 Bxf5 21.Red1 
Rad8 22.g4 Bc8 23.Nd3 Bh6 24.Rc2 Be3+ 25.Kg2 h5 26.Nxc5 Bxc5 27.h3 hxg4 
28.hxg4 Re3 29.Nc3 a3 30.Ne4 axb2 31.Nxc5 b1=Q 32.Rxb1 dxc5 33.Rb3 Re1 34.
Kf2 Red1 35.Be2 Ra1 36.Re3 Kf7 37.Re5 Be6 38.Rb2 b6 39.Rxb6 Rxa2 40.Rxc6 
Bxc4 41.Rcxc5 Bxe2 42.Rxe2 Rxe2+ 43.Kxe2 Rd4 44.Ke3 Ra4 45.Rc6 Rb4 46.Rd6 
Ra4 47.Rd4 Ra1 48.Kf4 Ra5 49.Rb4 Kf6 50.Rb6+ Kf7 51.Rb7+ Kf6 52.g5+ Ke6 
53.Kg4 Ra4+ 54.f4 Ra1 55.Rg7 Rg1+ 56.Kf3 Rf1+ 57.Ke3 Kf5 58.Rf7+ Kg4 59.
Rf6 Re1+ 60.Kd4 Re7 61.Kd5 Re1 62.Rf8 Re2 63.Rf6 Re1 64.Re6 Rf1 65.Ke5 
Rxf4 66.Rxg6 Ra4 67.Kf6 Ra5 1/2-1/2

[Event "3rd EUR-ch (w)"]
[Site "Varna BUL"]
[Date "2002.06.07"]
[Round "11.13"]
[White "Khasanova, Elmira"]
[Black "Alexandrova, Olga"]
[Result "0-1"]
[WhiteElo "2256"]
[BlackElo "2413"]
[EventDate "2002.05.27"]
[PlyCount "82"]

1.e4 e6 2.d4 d5 3.Nc3 dxe4 4.Nxe4 Nd7 5.Bd3 Ngf6 6.Qe2 c5 7.Nxf6+ Nxf6 8.
dxc5 Bxc5 9.Bd2 Qb6 10.O-O-O Bd7 11.Nf3 Ng4 12.Bc3 Nxf2 13.Ne5 Nxd1 14.
Rxd1 Bc6 15.Nc4 Qc7 16.Bxg7 Rg8 17.Be5 Qe7 18.g3 O-O-O 19.Na5 Bd6 20.Bd4 
Qg5+ 21.Qd2 Qxd2+ 22.Rxd2 Bb4 23.Nxc6 Bxd2+ 24.Kxd2 bxc6 25.Bxa7 Rd5 26.
Ke3 Rh5 27.Kf3 Rxh2 28.a4 Rh5 29.Be3 e5 30.b4 f5 31.Bc4 Rg7 32.b5 cxb5 33.
axb5 Rh3 34.Bf2 Rh6 35.b6 Kb7 36.Bd5+ Ka6 37.b7 Rxb7 38.Bxb7+ Kxb7 39.Be1 
Kc6 40.Bc3 Kd5 41.Bd2 Rh2 0-1

[Event "3rd EUR-ch (w)"]
[Site "Varna BUL"]
[Date "2002.06.07"]
[Round "11.15"]
[White "Grabuzova, Tatiana"]
[Black "Ciuksyte, Dagne"]
[Result "0-1"]
[WhiteElo "2388"]
[BlackElo "2340"]
[EventDate "2002.05.27"]
[PlyCount "114"]

1.b3 e5 2.Bb2 d6 3.c4 g6 4.g3 Bg7 5.Bg2 f5 6.Nc3 Ne7 7.e3 O-O 8.Nge2 Nd7 
9.d3 Nf6 10.f4 c6 11.O-O Ng4 12.Qd2 Qb6 13.Nd1 exf4 14.Bxg7 Kxg7 15.Nxf4 
Bd7 16.d4 Rae8 17.Nc3 Ng8 18.e4 N8f6 19.exf5 Ne3 20.Rfe1 Nxf5 21.c5 Qb4 
22.cxd6 Qxd4+ 23.Qxd4 Nxd4 24.Red1 Nc2 25.Rac1 Ne3 26.Rd2 Nxg2 27.Kxg2 g5 
28.Nd3 b6 29.b4 Ne4 30.Nxe4 Rxe4 31.Re1 Rfe8 32.Kf2 Rd4 33.Red1 Rxd6 34.
Ne5 Rf6+ 35.Kg2 Bf5 36.Nc4 Be4+ 37.Kg1 Bd5 38.Na3 a6 39.Nb1 Re3 40.Rc1 
Rff3 41.Rdc2 Kf6 42.Nc3 Ke5 43.Na4 b5 44.Nc5 Ra3 45.Re1+ Rfe3 46.Rxe3+ 
Rxe3 47.Nxa6 Ra3 48.Nc7 Rxa2 49.Rxa2 Bxa2 50.Kf2 Kd4 51.Kf3 h5 52.h4 Bd5+ 
53.Kf2 g4 54.Ke2 Kc4 55.Na6 Be6 56.Ke3 Bc8 57.Nc5 Kxb4 0-1

[Event "3rd EUR-ch (w)"]
[Site "Varna BUL"]
[Date "2002.06.07"]
[Round "11.16"]
[White "Ovod, Evgenia"]
[Black "Aleksieva, Silvia"]
[Result "1-0"]
[WhiteElo "2379"]
[BlackElo "2334"]
[EventDate "2002.05.27"]
[PlyCount "61"]

1.d4 Nf6 2.c4 c5 3.d5 Ne4 4.Qd3 Qa5+ 5.Nd2 Nf6 6.e4 d6 7.Ne2 g6 8.Nc3 Bg7 
9.Be2 a6 10.O-O O-O 11.f4 Nbd7 12.Nf3 b5 13.cxb5 axb5 14.Qxb5 Qxb5 15.Bxb5
Ra7 16.Re1 Ba6 17.e5 dxe5 18.fxe5 Ng4 19.Bf4 Bxb5 20.Nxb5 Ra4 21.Bg3 Rb4 
22.Nc7 Rc8 23.d6 e6 24.a4 Bh6 25.a5 Ne3 26.a6 Nb6 27.a7 Na8 28.Nxa8 Rxa8 
29.d7 Nc2 30.d8=Q+ Rxd8 31.a8=Q 1-0

[Event "3rd EUR-ch (w)"]
[Site "Varna BUL"]
[Date "2002.06.07"]
[Round "11.17"]
[White "Kosintseva, Tatiana"]
[Black "Lallemand, Roza"]
[Result "1-0"]
[WhiteElo "2373"]
[BlackElo "2300"]
[EventDate "2002.05.27"]
[PlyCount "120"]

1.e4 c5 2.Nc3 Nc6 3.Bb5 Nd4 4.Bc4 g6 5.Nf3 Bg7 6.Nxd4 cxd4 7.Qf3 Nf6 8.Nb5
d5 9.exd5 Ng4 10.h3 Ne5 11.Qb3 a6 12.Nxd4 b5 13.Be2 Bb7 14.Nc6 Qd6 15.Nxe5
Qxe5 16.c4 O-O 17.d3 Rab8 18.Qd1 bxc4 19.dxc4 e6 20.O-O exd5 21.cxd5 Rfd8 
22.Bf3 Bxd5 23.Bxd5 Rxd5 24.Qf3 Rbd8 25.Rb1 Qe6 26.Qb3 Qe4 27.Be3 h5 28.
Qa3 a5 29.b3 Be5 30.Rbe1 Bd6 31.Qc1 Qe5 32.f4 Qf5 33.Rd1 Bxf4 34.Bxf4 Rxd1
35.Rxd1 Rxd1+ 36.Qxd1 Qxf4 37.Qd8+ Kg7 38.Qxa5 Qc1+ 39.Kf2 Qf4+ 40.Ke2 
Qe4+ 41.Kf1 Qf4+ 42.Ke1 Qe4+ 43.Kd1 Qxg2 44.Qc3+ f6 45.a4 g5 46.a5 g4 47.
hxg4 Qxg4+ 48.Kc1 h4 49.a6 h3 50.Qc7+ Kh6 51.a7 Qg1+ 52.Kb2 Qg2+ 53.Qc2 
Qb7 54.Qf2 Kh5 55.Qf5+ Kh4 56.Qf4+ Kh5 57.Qb8 Qg2+ 58.Ka3 h2 59.a8=Q h1=Q 
60.Qh8+ Kg4 1-0

[Event "3rd EUR-ch (w)"]
[Site "Varna BUL"]
[Date "2002.06.07"]
[Round "11.18"]
[White "Lomineishvili, Maia"]
[Black "Kadziolka, Beata"]
[Result "1-0"]
[WhiteElo "2370"]
[BlackElo "2235"]
[EventDate "2002.05.27"]
[PlyCount "129"]

1.d4 c5 2.d5 Nf6 3.c4 b5 4.cxb5 a6 5.b6 e6 6.Nc3 Bb7 7.e4 exd5 8.exd5 d6 
9.a4 a5 10.Bc4 Be7 11.Nf3 Nbd7 12.O-O O-O 13.Re1 Nxb6 14.b3 Ne8 15.Ra2 Nc7
16.Rae2 Bf6 17.Ne4 Bxd5 18.Nxf6+ Qxf6 19.Bb2 Qg6 20.Bd3 Qh5 21.Re4 Bxe4 
22.Rxe4 f5 23.Rh4 Qg6 24.Rh3 Rf7 25.Rg3 Qh6 26.Ng5 Raf8 27.Nxf7 Rxf7 28.
Qe1 Qe6 29.Qc3 Qe5 30.Qxe5 dxe5 31.Bxe5 Ne6 32.f4 Nd4 33.Bf1 Rd7 34.Rc3 
Ne6 35.Rd3 Rxd3 36.Bxd3 g6 37.Bc3 c4 38.bxc4 Nxa4 39.Bxa5 Nxf4 40.Bc2 Nc5 
41.Kf2 Kf7 42.Bc7 Nfe6 43.Be5 Nd7 44.Bc3 Ndc5 45.Ke3 Ke7 46.h4 h5 47.Bb4 
Kd6 48.Bd1 f4+ 49.Kf3 Ke5 50.Bc3+ Nd4+ 51.Bxd4+ Kxd4 52.Bc2 g5 53.hxg5 Ne6
54.g6 Ke5 55.Ba4 Nd4+ 56.Kf2 Kf6 57.Be8 h4 58.c5 Kg7 59.Kg1 f3 60.gxf3 
Nxf3+ 61.Kg2 Nd4 62.Kh3 Kf8 63.Bf7 Nc6 64.Bd5 Ne5 65.Be4 1-0

[Event "3rd EUR-ch (w)"]
[Site "Varna BUL"]
[Date "2002.06.07"]
[Round "11.20"]
[White "Hunt, Harriet"]
[Black "Andreeva, Natalia"]
[Result "1-0"]
[WhiteElo "2415"]
[BlackElo "2289"]
[EventDate "2002.05.27"]
[PlyCount "141"]

1.e4 c5 2.Nf3 Nc6 3.Bb5 g6 4.Bxc6 dxc6 5.d3 Bg7 6.Nc3 e5 7.Be3 Qe7 8.h3 
Nf6 9.Qd2 Nd7 10.Bh6 Bxh6 11.Qxh6 f6 12.Ne2 Nf8 13.c3 Bd7 14.Qe3 Ne6 15.
Nd2 Rd8 16.O-O Bc8 17.Rad1 b6 18.f4 Ba6 19.c4 exf4 20.Nxf4 O-O 21.Nf3 Nd4 
22.Nxd4 cxd4 23.Qd2 Bc8 24.Rde1 Qe5 25.Rf3 Rd6 26.b4 Bd7 27.Qc1 Be8 28.a4 
Rd7 29.b5 Re7 30.Rff1 Qd6 31.Ne2 Ref7 32.Qb2 c5 33.Rf4 Bd7 34.Ref1 g5 35.
R4f2 f5 36.Qd2 Qg6 37.Ng3 f4 38.Ne2 Re7 39.a5 Ref7 40.Rf3 Qd6 41.R1f2 Rf6 
42.Kf1 Kh8 43.Ke1 Be8 44.h4 h6 45.hxg5 hxg5 46.Rh3+ Kg7 47.Ng1 g4 48.Rh4 
Rg6 49.Rh1 Rh6 50.Rxh6 Qxh6 51.Ne2 Qh1+ 52.Rf1 Qh4+ 53.Kd1 f3 54.Nf4 Qf6 
55.g3 Rh8 56.Nd5 Qe5 57.Rg1 Rh6 58.axb6 axb6 59.Kc2 Bf7 60.Nf4 Qb8 61.Kb3 
Qe8 62.Nd5 Bxd5 63.Qg5+ Qg6 64.Qxd5 Rh2 65.Ra1 Kh6 66.Ra8 Qf6 67.e5 Qg7 
68.Qe6+ Kh7 69.Qf5+ Kh6 70.Rf8 Qe7 71.Rh8+ 1-0

[Event "3rd EUR-ch (w)"]
[Site "Varna BUL"]
[Date "2002.06.07"]
[Round "11.21"]
[White "Zimina, Olga"]
[Black "Calzetta Ruiz, Monica"]
[Result "1-0"]
[WhiteElo "2360"]
[BlackElo "2278"]
[EventDate "2002.05.27"]
[PlyCount "109"]

1.e4 c5 2.Nf3 Nf6 3.e5 Nd5 4.Nc3 Nxc3 5.dxc3 Nc6 6.Bf4 e6 7.Bd3 Qc7 8.Qe2 
h6 9.O-O-O b6 10.Bg3 Bb7 11.Ba6 O-O-O 12.Bxb7+ Kxb7 13.Qd3 Ne7 14.Nd2 Nf5 
15.Ne4 c4 16.Qf3 Qc6 17.Rd2 g5 18.Rhd1 Kb8 19.Nxg5 Qxf3 20.Nxf3 Kc7 21.Nd4
Nxg3 22.Nb5+ Kc6 23.Nxa7+ Kc5 24.b4+ cxb3 25.cxb3 b5 26.hxg3 d5 27.exd6 
Kb6 28.Nxb5 Kxb5 29.a4+ Kc6 30.d7 h5 31.Rd4 f6 32.b4 Rh7 33.b5+ Kc7 34.a5 
Rhxd7 35.Rc4+ Kb8 36.Rxd7 Rxd7 37.Re4 e5 38.Rh4 Bc5 39.Rxh5 Bxf2 40.g4 Be1
41.Kb2 Rc7 42.b6 Bxc3+ 43.Kb3 Rc8 44.a6 Bd4 45.Rh7 Bxb6 46.Rb7+ Ka8 47.
Rxb6 Rg8 48.Rb4 Ka7 49.Ra4 Rg5 50.Kc3 f5 51.gxf5 Rxf5 52.Kd3 Rg5 53.g4 Kb6
54.a7 e4+ 55.Ke3 1-0

[Event "3rd EUR-ch (w)"]
[Site "Varna BUL"]
[Date "2002.06.07"]
[Round "11.22"]
[White "Repkova, Eva"]
[Black "Muzychuk, Anna"]
[Result "1-0"]
[WhiteElo "2345"]
[BlackElo "2256"]
[EventDate "2002.05.27"]
[PlyCount "114"]

1.e4 d5 2.exd5 Nf6 3.Bb5+ Bd7 4.Bc4 c6 5.dxc6 Nxc6 6.Nf3 e5 7.d3 Bg4 8.h3 
Bh5 9.g4 Bg6 10.Qe2 Qc7 11.Bg5 O-O-O 12.Bxf6 gxf6 13.Nc3 Bb4 14.Kf1 Bxc3 
15.bxc3 Qa5 16.Qe1 Rhe8 17.Nh4 e4 18.d4 e3 19.fxe3 Qg5 20.Qf2 Bxc2 21.Qxc2
Qxh4 22.Qf5+ Kb8 23.Qf2 Qg5 24.Qf4+ Qxf4+ 25.exf4 Re3 26.Rc1 Na5 27.Bxf7 
Rc8 28.Kg2 Rexc3 29.Rxc3 Rxc3 30.Re1 Rd3 31.d5 Nc4 32.Re8+ Kc7 33.Re7+ Kb6
34.Re6+ Kc5 35.Rxf6 Rd2+ 36.Kg3 Nd6 37.Kh4 Rxa2 38.Bg8 b5 39.Bxh7 b4 40.
Rf8 b3 41.f5 Rf2 42.Rb8 b2 43.g5 Nb5 44.f6 a5 45.Kg3 Rf1 46.d6 Nxd6 47.
Rxb2 Ne8 48.Ra2 Nxf6 49.Rxa5+ Kd6 50.Bd3 Rg1+ 51.Kf2 Rd1 52.Ke2 Rh1 53.
Ra6+ Ke5 54.Rxf6 Rxh3 55.Rf5+ Ke6 56.Rf3 Rh2+ 57.Rf2 Rh5 1-0

[Event "3rd EUR-ch (w)"]
[Site "Varna BUL"]
[Date "2002.06.07"]
[Round "11.23"]
[White "Sikorova, Olga"]
[Black "Velcheva, Maria"]
[Result "0-1"]
[WhiteElo "2298"]
[BlackElo "2327"]
[EventDate "2002.05.27"]
[PlyCount "110"]

1.e4 e5 2.Bc4 Nf6 3.d3 c6 4.Nf3 d5 5.Bb3 Bd6 6.Nc3 dxe4 7.dxe4 Na6 8.Bg5 
h6 9.Bh4 g5 10.Bg3 Qe7 11.Qe2 Nc5 12.O-O-O Bg4 13.h3 Bh5 14.Qe3 Nfd7 15.
Rd2 O-O-O 16.Rhd1 Bc7 17.Bc4 Bb6 18.Qe2 f6 19.b4 Ne6 20.Bxe6 Qxe6 21.Rd6 
Qe7 22.a3 Bc7 23.R6d2 Nb6 24.Rxd8+ Rxd8 25.Rxd8+ Bxd8 26.Nb1 Qd6 27.Qd2 
Qe6 28.Qc3 Na4 29.Qb3 Qxb3 30.cxb3 Bxf3 31.gxf3 Nb6 32.Nd2 Kd7 33.Nf1 Nc8 
34.Ne3 Nd6 35.h4 Ke6 36.a4 Be7 37.Kd2 f5 38.exf5+ Nxf5 39.h5 Bxb4+ 40.Kd3 
Ng7 41.Ng4 Bd6 42.Nxh6 Nxh5 43.Ke4 Nf6+ 44.Kd3 b5 45.Kc2 a6 46.Kd2 c5 47.
axb5 axb5 48.Kc2 Bf8 49.Ng4 Nxg4 50.fxg4 Bd6 51.f3 e4 52.Bf2 exf3 53.Kd3 
Ke5 54.Ke3 c4 55.Bg3+ Ke6 0-1

[Event "3rd EUR-ch (w)"]
[Site "Varna BUL"]
[Date "2002.06.07"]
[Round "11.24"]
[White "Mashinskaya, Yulia"]
[Black "Agrest, Svetlana"]
[Result "1-0"]
[WhiteElo "2300"]
[BlackElo "2225"]
[EventDate "2002.05.27"]
[PlyCount "83"]

1.b3 e5 2.Bb2 d6 3.c4 f5 4.e3 Nf6 5.d4 e4 6.d5 c5 7.dxc6 bxc6 8.Ne2 Nbd7 
9.Nf4 Ne5 10.h4 Nf7 11.Be2 Be7 12.Nc3 O-O 13.Qd2 Bd7 14.Rc1 Ne8 15.g3 Bf6 
16.b4 a6 17.a3 Nc7 18.Na4 Rb8 19.Nh5 Be5 20.c5 d5 21.Nb6 Qe7 22.a4 g6 23.
Nf6+ Bxf6 24.Bxf6 Qe6 25.Ba1 Bc8 26.Qd4 Ne8 27.h5 g5 28.g4 fxg4 29.Rg1 Qh6
30.Nxc8 Rxc8 31.Bxg4 Rc7 32.Be2 Re7 33.b5 axb5 34.axb5 cxb5 35.Qxd5 Nc7 
36.Qf5 Qe6 37.Rxg5+ Nxg5 38.Qxg5+ Kf7 39.h6 Rg8 40.Bh5+ Kf8 41.Qf4+ Rf7 
42.Bxf7 1-0

[Event "3rd EUR-ch (w)"]
[Site "Varna BUL"]
[Date "2002.06.07"]
[Round "11.25"]
[White "Voiska, Margarita"]
[Black "Zawadzka, Jolanta"]
[Result "1-0"]
[WhiteElo "2300"]
[BlackElo "2181"]
[EventDate "2002.05.27"]
[PlyCount "53"]

1.d4 Nf6 2.Nf3 g6 3.Nc3 d5 4.Bf4 Bg7 5.e3 O-O 6.Be2 c5 7.Ne5 Nc6 8.O-O 
cxd4 9.exd4 Bf5 10.Nxc6 bxc6 11.Na4 Ne4 12.c3 Re8 13.Ba6 e5 14.Bxe5 Bxe5 
15.dxe5 Rxe5 16.Qd4 Qd6 17.b4 Rae8 18.Rfe1 Bd7 19.Bf1 Rh5 20.g3 Rf5 21.Nc5
Nxc5 22.bxc5 Qc7 23.Rxe8+ Bxe8 24.Re1 Qd8 25.g4 Rf3 26.Kg2 Rf6 27.Rxe8+ 
1-0

[Event "3rd EUR-ch (w)"]
[Site "Varna BUL"]
[Date "2002.06.07"]
[Round "11.26"]
[White "Andersson, Christin"]
[Black "Calotescu, Ana-Cristina"]
[Result "0-1"]
[WhiteElo "2119"]
[BlackElo "2299"]
[EventDate "2002.05.27"]
[PlyCount "55"]

1.e4 c5 2.c3 d5 3.exd5 Qxd5 4.d4 Nf6 5.dxc5 Qxc5 6.Be3 Qc7 7.Na3 Nc6 8.Nb5
Qb8 9.Nf3 e5 10.Qb3 Be6 11.Bc4 Bxc4 12.Qxc4 Be7 13.Bc5 a6 14.Ng5 Rf8 15.
Bxe7 axb5 16.Qxb5 Kxe7 17.O-O-O Ra5 18.Qc4 Qa7 19.Rhe1 Rxa2 20.Qxc6 Ra1+ 
21.Kc2 Rxd1 22.Qc7+ Nd7 23.Rxd1 Qxf2+ 24.Rd2 Qf5+ 25.Kb3 Rd8 26.Nf3 Qe6+ 
27.Kc2 Qc6 28.Qa5 0-1

[Event "3rd EUR-ch (w)"]
[Site "Varna BUL"]
[Date "2002.06.07"]
[Round "11.27"]
[White "Georgieva, Liubka"]
[Black "Galoian, Lilit"]
[Result "1/2-1/2"]
[WhiteElo "2241"]
[BlackElo "2163"]
[EventDate "2002.05.27"]
[PlyCount "50"]

1.e4 c5 2.Nf3 Nc6 3.d3 g6 4.g3 Bg7 5.Bg2 d6 6.O-O e5 7.c3 Nge7 8.Nh4 d5 9.
Nd2 O-O 10.Re1 d4 11.c4 Nb4 12.Nf1 Be6 13.a3 Nbc6 14.h3 Nc8 15.Bd2 a5 16.
b3 Qe7 17.Qc1 Nd6 18.Rb1 Rfc8 19.Nh2 Qd7 20.g4 f6 21.a4 Nf7 22.Nf1 Rf8 23.
Ng3 Qe7 24.Nf3 Rae8 25.Nh2 Qd7 1/2-1/2

[Event "3rd EUR-ch (w)"]
[Site "Varna BUL"]
[Date "2002.06.07"]
[Round "11.29"]
[White "Richards, Heather"]
[Black "Foisor, Cristina"]
[Result "1/2-1/2"]
[WhiteElo "2252"]
[BlackElo "2437"]
[EventDate "2002.05.27"]
[PlyCount "126"]

1.e4 e6 2.d4 d5 3.Nc3 dxe4 4.Nxe4 Bd7 5.Nf3 Bc6 6.Bd3 Nd7 7.Qe2 Ngf6 8.
Nxf6+ Nxf6 9.O-O Bxf3 10.Qxf3 Qd5 11.Qxd5 Nxd5 12.c3 c6 13.Re1 Bd6 14.Bd2 
O-O 15.Rad1 Bf4 16.Bxf4 Nxf4 17.Be4 Rad8 18.g3 Nd5 19.f4 g6 20.Bxd5 Rxd5 
21.Re5 Rfd8 22.Rde1 h5 23.Kf2 Kf8 24.h3 Ke7 25.g4 hxg4 26.hxg4 Rxe5 27.
dxe5 g5 28.fxg5 Rg8 29.Kf3 Rxg5 30.Kf4 Rg8 31.Rd1 Rh8 32.Rd2 Rh1 33.c4 Rc1
34.b3 a5 35.Ke4 a4 36.Kd4 axb3 37.axb3 Rb1 38.Rd3 b6 39.Ke4 c5 40.Kf4 Kf8 
41.Kg5 Kg7 42.Re3 Rh1 43.Rd3 Rb1 44.Re3 Rd1 45.Kh5 Rd4 46.Kg5 Kf8 47.Rh3 
Ke7 48.Re3 Rd1 49.Kf4 Rd2 50.Kg5 Rd4 51.Kh5 Rf4 52.Kg5 Rf1 53.Rd3 Rf2 54.
Re3 Kd7 55.Re4 Ke8 56.Re3 Ke7 57.Rd3 Re2 58.Kf4 Re1 59.Re3 Rf1+ 60.Kg5 Rd1
61.Kf4 Kf8 62.Kg5 Kg7 63.Kh5 Rd4 1/2-1/2